الإنصاف في مسائل الخلاف بين النحويين البصريين والكوفيين / (رقم التسجيلة. 1148)

تفاصيل مارك
000 -الفاتح
حقل البيانات ثابتة الطول 01214cam a2200253a 44500
003 - محدد رقم الضبط
رقم الضبط OSt
005 - وقت وتاريخ اخر تعامل مع التسجيلة
رقم الضبط 20150408113726.0
008 - عناصر البيانات ثابتة الطول - معلومات عامة
حقل البيانات ثابتة الطول 030315s1961 ua g 00000 ara dd
040 ## - مصدر الفهرسة
وكالة الفهرسة الأصلية mu
لغة الفهرسة ara
وكالة النسخ mb
041 ## - رمز اللغة
رمز لغة النص/ المسارات الصوتية أو العنوان الانفرادي عربي
072 ## - رمز الفئه الموضوعية
رمز فئه الموضوع 045
مجموعة رمز فئه الموضوع اللغة العربية
082 04 - رقم تصنيف ديوى العشرى
رقم التصنيف 415.3
092 ## - رقم استدعاء ديوى المحلى
رقم التصنيف 415.3
رقم المادة ا ك ا
100 1# - المدخل الرئيسى - إسم شخصى
الإسم الشخصى الأنباري، عبد الرحمن بن محمد بن عبيد الله،
التواريخ المصاحبة للاسم 513-577 هـ.
9 (RLIN) 1138
245 12 - بيان العنوان
العنوان الإنصاف في مسائل الخلاف بين النحويين البصريين والكوفيين /
بيان المسئوليه,etc تأليف كمال الدين أبي البركات عبد الرحمن بن محمد الأنباري. معه، كتاب الانتصاف من الإنصاف / تأليف محمد محيي الدين عبد الحميد.
250 ## - بيان الطبعة
بيان الطبعة ط. 1.
260 ## - PUBLICATION, DISTRIBUTION, ETC. (IMPRINT)
مكان الناشر او الموزع القاهرة
اسم الناشر او الموزع المكتبة العصرية
تاريخ النشر أو التوزيع 2003
300 ## - الوصف المادى
التعداد 2 مج. ؛
أبعاد الوعاء 25 سم.
650 ## - المدخل الاضافى بالموضوع-مصطلح موضوعى
مصطلح موضوعي أو اسم جغرافي كعنصر مدخل اللغة العربية
التقسيم الفرعي العام النحو
مصدر الرأس أو المصطلح aucsh. 7
650 ## - المدخل الاضافى بالموضوع-مصطلح موضوعى
مصطلح موضوعي أو اسم جغرافي كعنصر مدخل اللغويون العرب
التقسيم الفرعي الشكلي تراجم
مصدر الرأس أو المصطلح aucsh.12
9 (RLIN) 32
700 ## - المدخل الاضافى - اسم شخصى
الإسم الشخصى عبد الحميد، محمد محي الدين
عنوان العمل الانتصاف من الإنصاف.22
9 (RLIN) 1139
740 ## - المدخل الاضافى - عنوان مرتبط/تحليلى غير مقيد
العنوان التحليلي/ الرابط غير مقيد الانتصاف من الإنصاف.\\
942 ## - عناصر المدخل الإضافي( كوها)
مصدر التصنيف او مخطط الترفيف Dewey Decimal Classification
Koha [default] item type كتاب
المقتنيات
حالة الفقد نموذج السعر الفعال حالة تلف ليس للاعارة رقم الطلب تاريخ الاكتساب الموقع الحالي الباركود الفرع الرئيسي Date last seen نوع المادة فى نظام كوها مصدر التصنيف او خطة الترفيف Total Checkouts Date last checked out
  2013-03-10     415.3 ج1، 2 ا ع ا 2011-08-18 مكتبة مجمع الطالبات بالمجمعة (EMF) 00019080 مكتبة مجمع الطالبات بالمجمعة (EMF) 2013-03-10 كتاب Dewey Decimal Classification    
  2013-03-10     415.3 ج1 ا ع ا 2011-08-25 مكتبة مجمع الطالبات بالمجمعة (EMF) 00018325 مكتبة مجمع الطالبات بالمجمعة (EMF) 2023-04-26 مراجع Dewey Decimal Classification 1 2021-09-15
  2013-03-10     415.3 ج2 ا ع ا 2011-08-25 مكتبة مجمع الطالبات بالمجمعة (EMF) 00018326 مكتبة مجمع الطالبات بالمجمعة (EMF) 2013-03-10 مراجع Dewey Decimal Classification